000 00314 a2200109 4500
001 ART_22280
005 20260410161928.0
008 260409a
245 1 0 _aLa CONADEP treinta años después
100 1 _aCrenzel, Emilio
773 0 _tDerechos humanos
_g- Año II, Nº 4 (nov. 2013)
_wREV22278
999 _c28315
_d28315